000 00752nam a22002537a 4500
005 20260311165501.0
008 260311b |||||||| |||| 00| 0 eng d
020 _a9788119403134
037 _cTB
040 _aLCT
_cLCT
041 _2eng
_aeng
_heng
084 _aV2:2:(Z) K2;R5
100 _a Jain, M P
_9753559
245 _aIndian Constitutional Law/
250 _a 9th Edition
260 _aGurgaon, India:
_bLexis Nexis,
_c2025
300 _accxxii, 2081p.
365 _b2495.00
_cINR
650 _aIndian Constitutional Law
_9681864
650 _aConstitution of India
_9784869
650 _aLaw
_9784870
700 _aJain, Sanjay
_91131710
942 _2CC
_cTB
_hV2:2:(Z) K2;R5
_n0
999 _c1715145
_d1715145